Actitud de los docentes frente a las necesidades educativas especiales de los alumnos del primer ciclo del nivel básico de la escuela Quita Sueño, distrito educativo 16-01 Cotuí año escolar 2002-2003 / Yanet Vásquez Mosquea, Aracelis Veras Liriano, Carmen Luisa Jimenez Rodriguez, Jaquelin Sánchez Espinal. Asesor: Lic. Carmen Lidia Fabián (Registro nro. 5196)

Detalles MARC
000 -LEADER
fixed length control field 00750nam a22001691a 4500
001 - CONTROL NUMBER
control field 5196
003 - CONTROL NUMBER IDENTIFIER
control field OSt
005 - DATE AND TIME OF LATEST TRANSACTION
control field 20260204212005.0
008 - FIXED-LENGTH DATA ELEMENTS--GENERAL INFORMATION
fixed length control field 051117s2003||||dr ||||||b||||||||||spa||
090 ## - LOCALLY ASSIGNED LC-TYPE CALL NUMBER (OCLC); LOCAL CALL NUMBER (RLIN)
Classification number (OCLC) (R) ; Classification number, CALL (RLIN) (NR) ME-2003-010
100 ## - ASIENTO PRINCIPAL -- NOMBRE PERSONAL
Personal name Vásquez Mosquea, Yanet
245 ## - TÍTULO PROPIAMENTE DICHO: SUBTÍTULO
Title Actitud de los docentes frente a las necesidades educativas especiales de los alumnos del primer ciclo del nivel básico de la escuela Quita Sueño, distrito educativo 16-01 Cotuí año escolar 2002-2003 / Yanet Vásquez Mosquea, Aracelis Veras Liriano, Carmen Luisa Jimenez Rodriguez, Jaquelin Sánchez Espinal. Asesor: Lic. Carmen Lidia Fabián
264 ## - PRODUCTION, PUBLICATION, DISTRIBUTION, MANUFACTURE, AND COPYRIGHT NOTICE
Place of production, publication, distribution, manufacture Santo Domingo : El Autor
502 ## - THESIS NOTE
Dissertation note Monografía (Educación Básica)
650 ## - ASIENTO SECUNDARIO DE MATERIA -- TERMINO TOPICO
Asiento secundario de materia Educación BásicaÌ
942 ## - ADDED ENTRY ELEMENTS (KOHA)
Source of classification or shelving scheme Dewey Decimal Classification
Koha item type Tesis
Existencias
Withdrawn status Lost status Source of classification or shelving scheme Damaged status Not for loan Current library Date acquired Total Checkouts Full call number Barcode Date last seen Price effective from Koha item type
    Dewey Decimal Classification     Biblioteca UTECO 09/09/2019   ME-2003-010 ME-2003-010 09/09/2019 09/09/2019 Tesis
© 2021 Derechos Reservados UTECO - Teléfono: +1 809-585-2291 - Correo electrónico: biblioteca@uteco.edu.do​  
Código postal 43000 ​​
Dirección: Avenida Universitaria No. 100, 
Cotuí, Provincia Sánchez Ramírez, República Dominicana - RNC: 404-00059-6